Ka hinkhua : (Record no. 7897)

MARC details
000 -LEADER
fixed length control field 00410nam a22001697a 4500
003 - CONTROL NUMBER IDENTIFIER
control field GBCCL
005 - DATE AND TIME OF LATEST TRANSACTION
control field 20241126110639.0
008 - FIXED-LENGTH DATA ELEMENTS--GENERAL INFORMATION
fixed length control field 181109b ||||| |||| 00| 0 eng d
040 ## - CATALOGING SOURCE
Transcribing agency GBC
082 ## - DEWEY DECIMAL CLASSIFICATION NUMBER
Classification number VER 253.2092
Item number ZAM
100 ## - MAIN ENTRY--PERSONAL NAME
Personal name Zamgin
9 (RLIN) 13772
245 ## - TITLE STATEMENT
Title Ka hinkhua :
Remainder of title my diary
260 ## - PUBLICATION, DISTRIBUTION, ETC.
Place of publication, distribution, etc. Lamka :
Name of publisher, distributor, etc. G Khamzamuan,
Date of publication, distribution, etc. 2006
300 ## - PHYSICAL DESCRIPTION
Extent 66p, ;
650 ## - SUBJECT ADDED ENTRY--TOPICAL TERM
Topical term or geographic name entry element Pastors
Form subdivision biography
9 (RLIN) 7307
942 ## - ADDED ENTRY ELEMENTS (KOHA)
Source of classification or shelving scheme Dewey Decimal Classification
Koha item type Books
Holdings
Withdrawn status Lost status Source of classification or shelving scheme Damaged status Not for loan Collection Home library Current Library Shelving location Date acquired Total checkouts Full call number Barcode Date last seen Copy number Price effective from Koha item type
    Dewey Decimal Classification       GRACE BIBLE COLLEGE GRACE BIBLE COLLEGE Vernacular 2018-11-09   VER 253.2092 ZAM 004214 2025-05-01 c.1 2018-11-09 Books
    Dewey Decimal Classification       GRACE BIBLE COLLEGE GRACE BIBLE COLLEGE Vernacular 2018-11-09   VER 253.2092 ZAM 004215 2025-05-01 c.2 2018-11-09 Books
    Dewey Decimal Classification       GRACE BIBLE COLLEGE GRACE BIBLE COLLEGE Vernacular 2018-11-09   VER 253.2092 ZAM 004216 2025-05-01 c.3 2018-11-09 Books
© Grace Bible College Library 2025